| 000 | 00714cgm a22002175a 4500 | ||
|---|---|---|---|
| 008 | 090406s2003 xxk f 000 0 eng u | ||
| 020 | _a0854068538 | ||
| 035 | _a(Sirsi) u118734 | ||
| 041 | 0 | _aeng | |
| 050 | 0 | 4 | _a333.332 $2 18 |
| 110 |
_aRoyal Institution of Chartered Surveyors _94900 |
||
| 245 | 0 | 0 |
_aRICS Appraisal and valuation manual _bJune 2002 _h[electronic resource] |
| 260 |
_aLondon _bRICS _c2002 |
||
| 300 | _a1 CD-ROM | ||
| 350 | _a0 | ||
| 520 | _aCD-ROM version of the RICS Appraisal and Valuation Manual, for reference only. | ||
| 651 | 4 |
_aUnited Kingdom _y |
|
| 690 | _aPROPERTY-PROPERTY APPRAISAL AND VALUATION | ||
| 710 |
_aInstitute of Revenues, Rating and Valuation _92992 |
||
| 942 | _n0 | ||
| 999 |
_c85423 _d85423 |
||